000 00468nam a2200181Ia 4500
005 20250923144346.0
008 008 250917s9999 xx 000 0 eng d
037 _aTextual
040 _aDSWL
_beng
_cDSWL
041 _aeng
_2eng
084 _qDSWL
100 _aBabu, V. Vithal
_9824067
245 0 _aTowards planning
_cby V. Vithal Babu
260 _aDelhi
_bAtma Ram
_c1950
300 _a464 p.
942 _cTEXL
999 _c1437872
_d1437872